| 000 | 00907nam a22002177a 4500 | ||
|---|---|---|---|
| 999 |
_c3967 _d3967 |
||
| 003 | AR-CdUCM | ||
| 008 | 190307b ||||| |||| 00| 0 spa d | ||
| 020 | _a9972-51-013-1 | ||
| 040 |
_aMUNICIPALIDAD PROVINCIAL DEL CUSCO _cBIBLIOTECA MUNICIPAL DEL CUSCO |
||
| 082 |
_a333.70985 / _bG69 |
||
| 100 |
_aGonzales de Olarte, Efraín _98594 |
||
| 245 | _aMedio ambiente y pobreza en el Perú / | ||
| 260 |
_aLima : _bIEP, _c1997. |
||
| 300 |
_a106 páginas ; _bCuadros, mapas. _c20.5 cm. |
||
| 505 | _aContenido: Causalidad entre pobreza y medio ambiente -- Pobreza rural y urbana y el medio ambiente -- Áreas precarias -- Indicadores de estimación de pobreza en relacion al medio ambiente -- Áreas y sectores económicos críticos ... | ||
| 650 |
_aEconomía ambiental _912692 |
||
| 650 |
_aDesarrollo económico _91696 |
||
| 650 |
_aDesarrollo sustentable _912693 |
||
| 942 |
_2ddc _cLIBROS |
||
| 945 | _aafb | ||